Tresal, Transformaciones y reformas en la educación superior de América Latina (Registro nro. 304113)

Detalles MARC
000 -ENCABEZADO
Número de control [NR] 00976 a2200229 4500
005 - FECHA Y HORA DE LA ÚLTIMA TRANSACCIÓN
control field 20160906104334.0
008 - DE LONGITUD FIJA DE DATOS DE ELEMENTOS - INFORMACIÓN GENERAL
Elementos de longitud fija [NR] 160823s2013 ck d|||fr|||| 000 0 spa d
020 ## - NUMERO INTERNACIONAL NORMALIZADO PARA LIBROS [R]
Número Internacional Normalizado del libro [NR] 9789588481371
040 ## - FUENTE DE CATALOGACION [NR]
Agencia de catalogación original [NR] CO-BoUCM
Idioma de catalogación [NR] spa
Quien Cataloga Saul Niño
Quien Clasifica Saul Niño
041 0# - CODIGO DE IDIOMA [R]
Código de idioma para texto/pista de sonido o título separado [R] Español
245 00 - MENCION DE TITULO [NR]
Título [NR] Tresal, Transformaciones y reformas en la educación superior de América Latina
Parte restante del título [NR] encuestas a dirigentes, profesores y estudiantes de instituciones de educación superior de América Latina
Mención de responsabilidad, etc. [NR] Asociación Colombiana de Universidades
260 ## - PUBLICACION, DISTRIBUCION, ETC. (PIE DE IMPRENTA) [R]
Lugar de publicación, distribución, etc. [R] Bogotá (Colombia)
Nombre del editor, distribuidor, etc. [R] Ascun
Fecha de publicación, distribución, etc. [R] 2013
300 ## - DESCRIPCION FISICA [R]
Extensión [R] 150 páginas
Otros detalles físicos [NR] gráficas
650 #7 - ASIENTO SECUNDARIO DE MATERIA - TERMINO TEMATICO [R]
9 (RLIN) 23288
Término temático o nombre geográfico como elemento de entrada [NR] Reforma educativa
Subdivisión geográfica [R] América Latina
650 #7 - ASIENTO SECUNDARIO DE MATERIA - TERMINO TEMATICO [R]
9 (RLIN) 14184
Término temático o nombre geográfico como elemento de entrada [NR] Encuestas
Subdivisión geográfica [R] América Latina
650 #7 - ASIENTO SECUNDARIO DE MATERIA - TERMINO TEMATICO [R]
9 (RLIN) 10310
Término temático o nombre geográfico como elemento de entrada [NR] Calidad
Subdivisión geográfica [R] América Latina
690 #0 - ASUNTO AGREGADO LOCAL DE ENTRADA - TÉRMINO TEMÁTICO (OCLC, RLIN)
Acceso temático local Educación superior
9 (RLIN) 177
710 2# - ASIENTO SECUNDARIO - NOMBRE CORPORATIVO [R]
Nombre corporativo o de jurisdicción como elemento de entrada [NR] Asociación Colombiana de Universidades
9 (RLIN) 42230
710 2# - ASIENTO SECUNDARIO - NOMBRE CORPORATIVO [R]
Nombre corporativo o de jurisdicción como elemento de entrada [NR] Alfa PUENTES
9 (RLIN) 79038
942 ## - ELEMENTOS DE ENTRADA AGREGADOS (KOHA)
Tipo de ítem principal el descrito en 300a Libro
Sistema de clasificación DEWEY
Tema principal Educación
Edición 1
Clasificación 378.1
Parte restante de la signatura top. A815tr
Existencias
Total préstamos Signatura topográfica Código de barras Última vez visto Ejemplar Costo de reposición Price effective from Tipo de ítem Perdido Sistema de clasificación Dañado No prestable Tipo de ítem específico Suprimido Ubicación habitual Ubicación actual Localización Fecha de creación Proveedor Forma de adquisición Costo
  378.1 A815tr 100150298 05/12/2025 Ej.1 26000.00 10/08/2016 Libro   DEWEY     Libro   Claustro Claustro 2do piso 10/08/2016 12 Donación 0.00